| 000 | 00340nam a2200133Ia 4500 | ||
|---|---|---|---|
| 005 | 20251222155120.0 | ||
| 008 | 251222s9999||||xx |||||||||||||| ||spa|| | ||
| 082 | _aESC.119 | ||
| 100 | _aMinisterio de Salud | ||
| 245 | 0 | _aGuia fortalecimiento de capacidades para la vigilancia | |
| 250 | _a1ra. ed. | ||
| 264 | _bCare PerĂº | ||
| 942 | _cLIB | ||
| 999 |
_c38388 _d38388 |
||